000 00740nam a2200205Ia 4500
005 20241129110143.0
008 241129s9999||||xx |||||||||||||| ||und||
037 _aTB
040 _aARTS
_bpun
_cARTS
041 _apun
_2pun
084 _aO153,6x R3
_qARTS
100 _aਕੁਠਿਆਲਾ, ਬ੍ਰਿਜ ਕਿਸ਼ੋਰ, ਚ
_9727423
245 0 _aਭਾਰਤੀ ਜੀਵਨ ਦ੍ਰਿਸ਼ਟੀ
_cਕੁਠਿਆਲਾ, ਬ੍ਰਿਜ ਕਿਸ਼ੋਰ, ਚ
260 _aਚੰਡੀਗੜ੍ਹ, ਭਾਰਤ
_bਚੰਡੀਗੜ੍ਹ ਯੂਨੀਸਟਾਰ
_c2023
300 _a189ਪ੍ਰ0
365 _aINR
_b395
650 _aPunjabi Prose
942 _cTB
_hO153,6x R3
999 _c1227510
_d1227510